Statistics : (Record no. 6803)

MARC details
000 -LEADER
fixed length control field 01106cam a2200205 a 4500
020 ## - INTERNATIONAL STANDARD BOOK NUMBER
ISBN 0072295473
020 ## - INTERNATIONAL STANDARD BOOK NUMBER
ISBN 0071177531 (ISE)
020 ## - INTERNATIONAL STANDARD BOOK NUMBER
ISBN 0072295503 (AIE)
050 00 - CALL NUMBER
Classification number QA276.12
Item number .S26
100 1# - AUTHOR
Personal name Sanders, Donald H.
245 10 - TITLE
Title Statistics :
Remainder of title a first course.
250 ## - EDITION
Edition statement 6th ed. /
260 ## - PUBLICATION INFORMATION
Place of publication Boston, Mass. :
Name of publisher McGraw-Hill,
Year of publication 2000.
300 ## - DESCRIPTION
Number of Pages xx, 664 p. :
Other physical details ill. ;
Dimensions 27 cm. +
Accompanying material 1 computer optical disc (4 3/4 in.)
500 ## - NOTES
General note Includes indexes.
505 ## - FORMATTED CONTENTS NOTE
Table of Content Chapter 1. Let's Get Started<br/>Chapter 2. Thinking Critically <br/>Chapter 3. Descriptive Statistics <br/>Chapter 4. Probability Concepts <br/>Chapter 5. Probability Distributions <br/>Chapter 6. Sampling Concepts <br/>Chapter 7. Estimating Parameters <br/>Chapter 8. Testing Hypothesis; One - Sampling Procedures <br/>Chapter 9. Inference : Two - Sample Procedures <br/>Chapter 10. Analysis of Variance <br/>Chapter 11. Chi-Square Tests: Goodness-of-Fit and Contingency Table Methods<br/>Chapter 12. Linear Regression and Correlation<br/>Chapter 13. Nonparametric Statistical Methods <br/>
650 #0 - SUBJECTS
Topical Term Statistics.
700 1# - OTHER AUTHORS
Personal name Smidt, Robert K.
942 ## - ADDED ENTRY ELEMENTS (KOHA)
Koha item type Books
Holdings
Withdrawn status Lost status Home library Current library Shelving location Date acquired Full call number Accession Number Koha item type
    Methodist University Library Main Methodist University Library Main General Stacks 25/04/2007 QA276.12 .S26 28617 Books
    Methodist University Library Main Methodist University Library Main General Stacks 25/04/2007 QA276.12 .S26 28618 Books
Copyright © 2026  MUG Library